Score 0/18 Timer 02:00
0 Plays Today
% Correct
El
96.6%
Costa
96.6%
Ecua
96.4%
Braz
96.4%
Argent
96.2%
Guate
95.5%
Chi
95.3%
Colom
95.2%
Pan
95%
% Correct
Uru
94.6%
Bol
94.4%
Vene
94.3%
Para
94.3%
Bel
94.1%
Nicar
93.7%
Hond
93.5%
Suri
91%
Guy
90.1%
Remove Ads.
Support Sporcle.
Get the best of Sporcle when you Go Orange. This ad-free experience offers more features, more stats, and more fun while also helping to support Sporcle. Thank you for becoming a member.

You're not logged in!

Compare scores with friends on all Sporcle quizzes.
OR
Log In

Show Comments

Extras

Top Quizzes Today


Score Distribution

Your Account Isn't Verified!

In order to create a playlist on Sporcle, you need to verify the email address you used during registration. Go to your Sporcle Settings to finish the process.

Report this User

Report this user for behavior that violates our Community Guidelines.

Details: